000 00516nam a2200205Ia 4500
003 GCL
008 140319s9999 xx 000 0 eng d
040 _aGCL /
_cGCL
082 0 4 _aCC
_b932
_bC C
100 1 _aCLAYTON, PETER A.
245 1 0 _aCHRONICLE OF THE PHARAOHS /
_cCLAYTON, PETER A.
260 _a[S.N] :
_bTHAMES AND HUDSON ،
_c1994
300 _a224 P
650 0 4 _aANTIQUITIES
650 0 4 _aEGYPT
650 0 4 _aANCIENT EGYPT
650 0 4 _aPHARAOHS
650 0 4 _aEGYPT - HISTORY
942 _2ddc
_cBK
999 _c25038
_d25038